| 000 | 00730nam a2200241 a 4500 | ||
|---|---|---|---|
| 001 | 20549 | ||
| 003 | DB-RjUL | ||
| 005 | 20211209000559.0 | ||
| 008 | 140301r19491929enk 000 0 eng u | ||
| 035 | _a(BD-RjUL)20611 | ||
| 035 | _a(OCoLC)479261 | ||
| 040 |
_aKSU _dm.c _beng _cBD-RjUL |
||
| 041 | _aeng | ||
| 082 | 0 | 4 |
_a823 _bFIA 1949 |
| 100 | 1 |
_aFielding, Henry, _d1707-1754. _963407 |
|
| 245 | 1 | 4 |
_aThe adventures of Joseph Andrews / _cEdited with introduction by L. Rice-oxley |
| 260 |
_aLondon : _boxford university press, _c1929 [reprinted 1949]. |
||
| 300 |
_axxvii, 379 p. ; _c26 cm. |
||
| 650 | 1 |
_a Young men -- Fiction. _961048 |
|
| 700 | 1 |
_aOxley, L.Rice _963408 |
|
| 942 |
_2ddc _cBK |
||
| 999 |
_c20549 _d20549 |
||